| 000 | 00555nam a2200181 a 4500 | ||
|---|---|---|---|
| 001 | 000017540 | ||
| 005 | 20200929165139.0 | ||
| 008 | 100326s1985 dr a 000 0 spa d | ||
| 040 |
_aDO-SdBNP _bspa _cBNPHU |
||
| 082 |
_axxx _bM548 |
||
| 245 | 0 | 3 |
_aLa menstruación : _bguía No. 2. |
| 260 |
_aSanto Domingo : _bCIPAF, _c1985. |
||
| 300 |
_a38 p. : _bil. ; _c28 cm. |
||
| 490 | 1 | _aGuías temáticas mujer y salud | |
| 710 | 2 |
_aCentro de Investigaciones para la Acción Femenina _938287 |
|
| 830 | 0 |
_aGuías temáticas mujer y salud _938288 |
|
| 049 | _aBNPD | ||
| 999 |
_c17065 _d17065 |
||